La hija de Galileo: una nueva visión de la vida y obra de Galileo

Uloženo v:
Podrobná bibliografie
Hlavní autor: Sobel, Dava (Autor)
Médium: Kniha
Jazyk:španělština
Vydáno: Barcelona Debate 1999
Edice:Pequeña Gran Historia
Témata:
Tagy: Přidat tag
Žádné tagy, Buďte první, kdo vytvoří štítek k tomuto záznamu!

MARC

LEADER 00000nam a2200000 a 4500
001 UCH1103
003 CL-VaPUC
008 090409e19990000SP |||||||||||||||||spa|d
020 |a 8483062267 
082 0 4 |a 925.2  |b SOB  |2 21 
100 0 |a Sobel, Dava  |e author  |9 535447 
245 1 3 |a La hija de Galileo: una nueva visión de la vida y obra de Galileo 
300 |a 376 p 
942 |c BK 
945 |d 20090409 00:00:00  |a rbrito 
260 |a Barcelona  |b Debate  |c 1999 
600 0 |a Galilei, Galileo  |9 264973 
600 0 7 |a GALILEO, MARIA CELESTE  |2 CL-VaPUC  |9 535448 
650 0 |a Biografías  |9 255210 
650 0 |a Científicos   |9 262025 
583 |a last modification  |c 20090409 00:00:00  |k Rodrigo Vera 
490 0 |a Pequeña Gran Historia 
999 |c 333181  |d 333179 
952 |0 0  |1 0  |4 0  |6 925_200000000000000_SOB_1999  |7 0  |8 A  |9 421386  |a BIBCUR  |b BIBCUR  |d 2019-11-22  |i 4534085  |o 925.2 SOB 1999  |p 4534085  |r 2025-04-22  |w 2019-11-22  |y BK  |k FIS